| 000 | 00752nam a22002537a 4500 | ||
|---|---|---|---|
| 999 |
_c1501 _d1501 |
||
| 003 | AR-CdUCM | ||
| 008 | 190227b ||||| |||| 00| 0 spa d | ||
| 020 | _a8482801155 | ||
| 040 |
_aMUNICIPALIDAD PROVINCIAL DEL CUSCO _cBIBLIOTECA MUNICIPAL DEL CUSCO |
||
| 041 | _heng | ||
| 082 |
_a808.81 / _bB28 |
||
| 100 |
_aBaudelaire, charles _95689 |
||
| 245 |
_aLas Flores del Mal / _cBaudelaire, charles |
||
| 260 |
_aColombia : _bLa Oveja Negra, |
||
| 300 |
_a203 paginas ; _c21cm. |
||
| 500 | _aPoesia | ||
| 650 |
_aLiteratura Poetica _92541 |
||
| 650 |
_aLatinoamerica _94398 |
||
| 650 |
_apoesias _95690 |
||
| 700 |
_aBaudelaire, charles _95689 |
||
| 700 |
_aMartínez Sarrión, Antonio _95691 |
||
| 942 |
_2ddc _cLIBROS |
||
| 945 |
_apjha _d2019-02-27 |
||